|
|
|
|
| LEADER |
01353nam a2200373Ia 4500 |
| 001 |
4105 |
| 003 |
BD-DhAAL |
| 005 |
20150602100114.0 |
| 008 |
150602r19991998nyu 000 1 eng d |
| 020 |
|
|
|a 0060987561 (pbk.)
|
| 040 |
|
|
|a GZM
|c GZM
|d SVP
|d BKL
|d OCL
|d OCLCQ
|d XTA
|d OCLCQ
|d MYG
|d BD-DhAAL
|
| 049 |
|
|
|a MYGG
|
| 050 |
1 |
4 |
|a PS3562.A433.I3 1999
|
| 082 |
|
|
|a 813.54
|
| 092 |
|
|
|a 813.54
|b LAMB
|
| 100 |
1 |
|
|a Lamb, Wally.
|9 11571
|
| 245 |
1 |
0 |
|a I know this much is true /
|c Wally Lamb.
|
| 250 |
|
|
|a 1st pbk. ed.
|
| 260 |
|
|
|a New York, NY :
|b Regan Books,
|c 1999, c1998.
|
| 300 |
|
|
|a 901 p. ;
|c 21 cm.
|
| 541 |
|
|
|e 813.54
|
| 650 |
|
0 |
|a Italian Americans
|z New England
|v Fiction.
|9 11572
|
| 650 |
|
0 |
|a Fathers and sons
|z New England
|v Fiction.
|9 11573
|
| 650 |
|
0 |
|a Mentally ill
|z New England
|v Fiction.
|9 11574
|
| 650 |
|
0 |
|a Brothers
|z New England
|v Fiction.
|9 11575
|
| 650 |
|
0 |
|a Twins
|z New England
|v Fiction.
|9 11576
|
| 651 |
|
0 |
|a New England
|v Fiction.
|9 11577
|
| 655 |
|
7 |
|a Psychological fiction.
|2 lcsh
|9 5686
|
| 655 |
|
7 |
|a Domestic fiction.
|2 lcsh
|9 5618
|
| 852 |
0 |
|
|b HUM
|c STACK
|h PS3562.A433.I3 1999
|
| 876 |
|
1 |
|l MIT01
|h PS3562.A433.I3 1999
|8 20060824
|
| 942 |
|
|
|2 ddc
|c BK
|
| 999 |
|
|
|c 34578
|d 34578
|
| 952 |
|
|
|0 0
|1 0
|2 ddc
|4 0
|6 813_540000000000000_LAM
|7 0
|9 53997
|a SCL
|b SCL
|c GEN
|d 2015-06-02
|l 2
|m 14
|o 813.54 LAM
|p 3020004105
|r 2025-05-14
|s 2025-02-09
|t 1
|w 2015-06-02
|y BK
|